The skills that Matters (Record no. 2811)

000 -LEADER
fixed length control field 00833cam a2200277u 4500
001 - CONTROL NUMBER
control field 8289214
003 - CONTROL NUMBER IDENTIFIER
control field OSt
005 - DATE AND TIME OF LATEST TRANSACTION
control field 20160818120710.0
008 - FIXED-LENGTH DATA ELEMENTS--GENERAL INFORMATION
fixed length control field 830309s1933 nyuacfh 000 0 eng
010 ## - LIBRARY OF CONGRESS CONTROL NUMBER
LC control number 33017917
020 ## - INTERNATIONAL STANDARD BOOK NUMBER
International Standard Book Number 9781403906397
040 ## - CATALOGING SOURCE
Original cataloging agency DLC
Transcribing agency CarP
Modifying agency DLC
050 00 - LIBRARY OF CONGRESS CALL NUMBER
Classification number BJ1641.W37 2004
100 1# - MAIN ENTRY--PERSONAL NAME
Personal name Warhurst, Chris
245 14 - TITLE STATEMENT
Title The skills that Matters
Statement of responsibility, etc Edited by Chris Warhurst, Irena Grugulis and Ewart Keep
260 ## - PUBLICATION, DISTRIBUTION, ETC. (IMPRINT)
Place of publication, distribution, etc New York,
Name of publisher, distributor, etc Palgravev Macmillan
Date of publication, distribution, etc c2004.
300 ## - PHYSICAL DESCRIPTION
Extent xv, 272 p.
Other physical details col. front. (port.) illus., plates (part col.) facsims. (1 col.)
Dimensions 19 cm.
504 ## - BIBLIOGRAPHY, ETC. NOTE
Bibliography, etc include indexes
650 #0 - SUBJECT ADDED ENTRY--TOPICAL TERM
Topical term or geographic name as entry element Conduct of life.
650 #0 - SUBJECT ADDED ENTRY--TOPICAL TERM
Topical term or geographic name as entry element Character.
650 #0 - SUBJECT ADDED ENTRY--TOPICAL TERM
Topical term or geographic name as entry element Boys.
700 ## - ADDED ENTRY--PERSONAL NAME
Relator code Grugulis, Irena
700 ## - ADDED ENTRY--PERSONAL NAME
Relator code Keep, Ewart
906 ## - LOCAL DATA ELEMENT F, LDF (RLIN)
a 0
b cbc
c premunv
d u
e ncip
f 19
g y-gencatlg
942 ## - ADDED ENTRY ELEMENTS (KOHA)
Source of classification or shelving scheme
Koha item type Book
Holdings
Withdrawn status Lost status Source of classification or shelving scheme Damaged status Not for loan Home library Current library Shelving location Date acquired Total Checkouts Full call number Barcode Date last seen Copy number Price effective from Koha item type
          Riara University Library Riara University Library General stack 18/08/2016   BJ1641.W37 2004 7197/16 18/08/2016 C.1 18/08/2016 Book

Riara University Library,
P.O. Box 49940-00100,
Nairobi, Kenya.